The transforming fire : (Record no. 15211)

000 -LEADER
fixed length control field 01324cam a22003014a 4500
001 - CONTROL NUMBER
control field 16166586
005 - DATE AND TIME OF LATEST TRANSACTION
control field 20170105102913.0
008 - FIXED-LENGTH DATA ELEMENTS--GENERAL INFORMATION
fixed length control field 100401s2011 nyu b 000 0 eng
010 ## - LIBRARY OF CONGRESS CONTROL NUMBER
LC control number 2010013568
020 ## - INTERNATIONAL STANDARD BOOK NUMBER
International Standard Book Number 9781441166630 (hardcover : alk. paper)
020 ## - INTERNATIONAL STANDARD BOOK NUMBER
International Standard Book Number 1441166637 (hardcover : alk. paper)
040 ## - CATALOGING SOURCE
Original cataloging agency DLC
Transcribing agency DLC
043 ## - GEOGRAPHIC AREA CODE
Geographic area code a-is---
-- ma-----
050 00 - LIBRARY OF CONGRESS CALL NUMBER
Classification number DS119.76
Item number .S7973 2010
082 00 - DEWEY DECIMAL CLASSIFICATION NUMBER
Classification number 956.05/4
Edition number 22
100 1# - MAIN ENTRY--PERSONAL NAME
Personal name Spyer, Jonathan.
245 14 - TITLE STATEMENT
Title The transforming fire :
Remainder of title the rise of the Israel-Islamist conflict /
Statement of responsibility, etc. Jonathan Spyer.
260 ## - PUBLICATION, DISTRIBUTION, ETC.
Place of publication, distribution, etc. New York :
Name of publisher, distributor, etc. Continuum,
Date of publication, distribution, etc. 2010.
300 ## - PHYSICAL DESCRIPTION
Extent ix, 227 p. ;
Dimensions 24 cm.
504 ## - BIBLIOGRAPHY, ETC. NOTE
Bibliography, etc. note Includes bibliographical references.
505 0# - FORMATTED CONTENTS NOTE
Formatted contents note "Not all of us will be coming back" -- History's resurrection -- Muqawama : Islamism's rise -- A new Jerusalem -- The Middle East cold war -- Conversations in the season of remembrance -- Broken borders -- A grave missed opportunity -- The verdict of Deir Mimas -- The transforming fire.
650 #0 - SUBJECT ADDED ENTRY--TOPICAL TERM
Topical term or geographic name entry element Arab-Israeli conflict
Chronological subdivision 1993-
650 #0 - SUBJECT ADDED ENTRY--TOPICAL TERM
Topical term or geographic name entry element Islamic fundamentalism
Geographic subdivision Israel.
650 #0 - SUBJECT ADDED ENTRY--TOPICAL TERM
Topical term or geographic name entry element Arab-Israeli relations
General subdivision Religious aspects
-- Islam.
906 ## - LOCAL DATA ELEMENT F, LDF (RLIN)
a 7
b cbc
c orignew
d 1
e ecip
f 20
g y-gencatlg
942 ## - ADDED ENTRY ELEMENTS (KOHA)
Source of classification or shelving scheme
Koha item type Book
Holdings
Withdrawn status Lost status Damaged status Not for loan Collection code Permanent Location Current Location Shelving location Date acquired Total Checkouts Full call number Barcode Date last seen Price effective from Koha item type
          Centre for International Peace & Stability (CIPS) Centre for International Peace & Stability (CIPS) General Stacks 09/30/2013   956.054 SPY 2011 CIPS0001626 11/20/2013 11/20/2013 Book
© 2023 Central Library, National University of Sciences and Technology. All Rights Reserved.